| 000 | 00946nam a2200229 a 4500 | ||
|---|---|---|---|
| 001 | 000027143 | ||
| 005 | 20200930030630.0 | ||
| 008 | 110329s1984 dr a r 000 | spa d | ||
| 040 |
_aDO-SdBNP _bspa _cBNPHU |
||
| 082 |
_a079.729324 _bL864h |
||
| 100 | 1 |
_aLópez Reyes, Oscar, _d1952- _911261 |
|
| 245 | 1 | 0 |
_aHistoria de los medios de comunicación social de Barahona / _cOscar López Reyes ; prólogo de Bonaparte Gautreaux Piñeyro. |
| 260 |
_aSanto Domingo : _bTaller, _c1984. |
||
| 300 |
_a125 p. : _bil. ; _c23 cm. |
||
| 590 | _aInventariado,2018/DG | ||
| 650 | 4 |
_aMedios de comunicación de masas _zBarahona (República Dominicana{Rpara} _954204 |
|
| 650 | 4 |
_aPrensa _zBarahona (República Dominicana{Rpara} _xHistoria _954205 |
|
| 650 | 4 |
_aPeriodismo _929 |
|
| 651 | 4 |
_aBarahona (República Dominicana{Rpara} _xHistoria Local _9231 |
|
| 700 | 1 |
_aGautreaux Piñeyro, Bonaparte, _epról. _928986 |
|
| 910 | _aValidado. Control de calidad. MMOLINA | ||
| 999 |
_c26635 _d26635 |
||